000 00212nam a2200097Ia 4500
008 190216s9999||||xx |||||||||||||| ||und||
100 _aLenin V I
245 0 _aLenin Collected Works
260 _bNull
942 _cBK
999 _c18814
_d18814